[Event "17. European Women's Championship 2016"]
[Site "Mamaia ROU"]
[Date "2016.05.31"]
[Round "5.32"]
[White "Narva, Mai"]
[Black "Fataliyeva, Ulviyya"]
[Result "1-0"]
[WhiteElo "2121"]
[BlackElo "2301"]
[PlyCount "147"]
[EventDate "2016.05.27"]
[EventType "swiss"]
[EventRounds "11"]
[EventCountry "ROU"]
[Source "lmi"]
[SourceDate "2016.05.26"]

1. e4 e6 2. d4 c5 3. Nf3 cxd4 4. Nxd4 a6 5. Nc3 Qc7 6. Bd3 Nf6 7. O-O b5 8. a3
Bb7 9. Kh1 h5 10. Nf3 d6 11. Bf4 Nbd7 12. Qe2 Be7 13. Rad1 Kf8 14. e5 dxe5 15.
Nxe5 Nxe5 16. Bxe5 Qb6 17. Be4 Nxe4 18. Nxe4 Bd5 19. Nc3 Bc6 20. f3 Kg8 21. Bd4
Qc7 22. Ne4 Rc8 23. Qe3 h4 24. h3 Rh5 25. Bc3 Rh6 26. Nf2 Bd5 27. Ng4 Rg6 28.
Rfe1 Bc5 29. Qd2 f6 30. Qd3 Rg5 31. Qe2 Rf8 32. Bd2 Bc4 33. Qe4 f5 34. Qe5 Bd6
35. Qd4 Bc5 36. Qe5 Bd6 37. Qd4 Rg6 38. Ne5 Bxe5 39. Rxe5 Rd8 40. Qe3 Bd5 41.
Bc3 a5 42. Rd4 Bc4 43. Kg1 Rxd4 44. Bxd4 Bd5 45. Qf2 Qd8 46. Kh1 Rg3 47. Re3
Qg5 48. Bc3 f4 49. Re5 Qg6 50. Kh2 a4 51. Be1 Qf6 52. Qe2 Rg6 53. Bc3 Bc4 54.
Qe1 Qd8 55. Rh5 Rg3 56. Qe5 Rg6 57. Rh8+ Kxh8 58. Qh5+ Kg8 59. Qxg6 Qd7 60. Qg5
Qf7 61. Qxh4 Qf5 62. Qd8+ Kh7 63. Qd4 Qg5 64. Kg1 Kg8 65. Qd6 Qg6 66. Qe5 Bd5
67. Qxf4 Qxc2 68. Qg5 Qh7 69. Qd8+ Kf7 70. Qd7+ Kg6 71. Qe8+ Kh6 72. Bd2+ g5
73. h4 Qa7+ 74. Kh1 1-0

[Event "17. European Women's Championship 2016"]
[Site "Mamaia ROU"]
[Date "2016.05.31"]
[Round "5.33"]
[White "Rodshtein, Tereza"]
[Black "Dragomirescu, Angela"]
[Result "1/2-1/2"]
[WhiteElo "2263"]
[BlackElo "2215"]
[PlyCount "98"]
[EventDate "2016.05.27"]
[EventType "swiss"]
[EventRounds "11"]
[EventCountry "ROU"]
[Source "lmi"]
[SourceDate "2016.05.26"]

1. e4 d6 2. d4 Nf6 3. Nc3 e5 4. Nf3 Nbd7 5. Bc4 Be7 6. a4 O-O 7. O-O c6 8. Ba2
a5 9. Re1 exd4 10. Nxd4 Nc5 11. h3 Qb6 12. Qf3 Kh8 13. Nde2 Be6 14. Be3 Rae8
15. Nf4 Bxa2 16. Rxa2 Qc7 17. Bxc5 dxc5 18. Raa1 Bd6 19. g3 Be5 20. Rad1 Bd4
21. Nfe2 Rd8 22. Nxd4 cxd4 23. Ne2 c5 24. Nf4 Qc6 25. Re2 Rfe8 26. Rde1 h6 27.
Nd5 Re6 28. Nf4 Ree8 29. Nd5 Re6 30. Nf4 Re5 31. Nd3 Re7 32. b3 Rde8 33. Qf5
Nxe4 34. Qf3 f5 35. Nf4 Kh7 36. Kh2 Qd6 37. Nd3 g6 38. Qf4 Qd7 39. g4 b6 40. f3
Nc3 41. Rxe7+ Rxe7 42. gxf5 g5 43. Qg3 Rxe1 44. Qxe1 Qxf5 45. Qe7+ Kg8 46. Ne5
Qf4+ 47. Kh1 Qc1+ 48. Kg2 Qd2+ 49. Kh1 Qc1+ 1/2-1/2

[Event "17. European Women's Championship 2016"]
[Site "Mamaia ROU"]
[Date "2016.05.31"]
[Round "5.34"]
[White "Ionescu, Irina"]
[Black "Doluhanova, Evgeniya"]
[Result "1-0"]
[WhiteElo "2181"]
[BlackElo "2262"]
[PlyCount "73"]
[EventDate "2016.05.27"]
[EventType "swiss"]
[EventRounds "11"]
[EventCountry "ROU"]
[Source "lmi"]
[SourceDate "2016.05.26"]

1. d4 Nf6 2. Nf3 e6 3. c4 Bb4+ 4. Bd2 Qe7 5. g3 O-O 6. Bg2 Nc6 7. Nc3 d6 8. Rc1
Bxc3 9. Bxc3 Ne4 10. d5 Nxc3 11. Rxc3 Nd8 12. O-O e5 13. e4 a5 14. Qc2 b6 15.
Nh4 g5 16. Nf5 Bxf5 17. exf5 f6 18. b3 Qd7 19. a3 Nf7 20. Be4 Nd8 21. Kg2 Rf7
22. Qb2 Nb7 23. b4 h5 24. h4 Rg7 25. hxg5 Rxg5 26. Rh1 Kg7 27. Qe2 Rh8 28. Rh4
axb4 29. axb4 Qa4 30. Qb2 Ra8 31. Bf3 Rxf5 32. Qb1 Rg5 33. Rxh5 Rh8 34. Rxg5+
fxg5 35. Qf5 Qxb4 36. Qxg5+ Kf8 37. Bh5 1-0

[Event "17. European Women's Championship 2016"]
[Site "Mamaia ROU"]
[Date "2016.05.31"]
[Round "5.35"]
[White "Movileanu, Daniela"]
[Black "Galunova, Tsveta"]
[Result "1-0"]
[WhiteElo "2247"]
[BlackElo "2149"]
[PlyCount "65"]
[EventDate "2016.05.27"]
[EventType "swiss"]
[EventRounds "11"]
[EventCountry "ROU"]
[Source "lmi"]
[SourceDate "2016.05.26"]

1. e4 e5 2. Nf3 Nc6 3. Bc4 Bc5 4. O-O Nf6 5. d4 Bxd4 6. Nxd4 Nxd4 7. f4 d6 8.
fxe5 dxe5 9. Bg5 Be6 10. Na3 Qe7 11. c3 Bxc4 12. Bxf6 gxf6 13. Nxc4 Ne6 14. Ne3
Qc5 15. Qd2 Rd8 16. Qf2 Nf4 17. Kh1 Rd3 18. Rae1 O-O 19. g3 Ne6 20. Qe2 Rfd8
21. Nd5 R8xd5 22. exd5 Qxd5+ 23. Qg2 Kg7 24. Rf2 Kg6 25. Qxd5 Rxd5 26. Ref1 f5
27. Rxf5 Ng5 28. b3 a5 29. c4 Rd2 30. Rxe5 Rxa2 31. Rff5 h6 32. h4 Ne4 33. h5+
1-0

[Event "17. European Women's Championship 2016"]
[Site "Mamaia ROU"]
[Date "2016.05.31"]
[Round "5.36"]
[White "Mirzoeva, Elmira"]
[Black "Raeva, Elitsa"]
[Result "0-1"]
[WhiteElo "2344"]
[BlackElo "2254"]
[PlyCount "80"]
[EventDate "2016.05.27"]
[EventType "swiss"]
[EventRounds "11"]
[EventCountry "ROU"]
[Source "lmi"]
[SourceDate "2016.05.26"]

1. d4 Nf6 2. c4 c5 3. d5 g6 4. Nc3 Bg7 5. e4 d6 6. h3 O-O 7. Nf3 a6 8. a4 e6 9.
Bd3 a5 10. dxe6 Bxe6 11. O-O Nc6 12. Bf4 Nb4 13. Be2 Ra6 14. Qd2 Qc8 15. Rad1
Nc6 16. Bxd6 Rd8 17. Qe3 Nd4 18. Be5 Ng4 19. hxg4 Nxf3+ 20. Qxf3 Bxe5 21. g5
Rad6 22. b3 Bg4 23. Qxg4 Qxg4 24. Bxg4 Bxc3 25. Rd5 b6 26. f4 Kg7 27. Bf3 Bd4+
28. Kh2 h6 29. e5 Rxd5 30. gxh6+ Kxh6 31. cxd5 Kg7 32. Re1 Bf2 33. g3 Bxe1 34.
Kg2 f6 35. e6 Rd6 36. g4 f5 37. g5 Kf8 38. Kh3 Ke7 39. Kg2 Rd8 40. Kf1 Bg3 0-1

[Event "17. European Women's Championship 2016"]
[Site "Mamaia ROU"]
[Date "2016.05.31"]
[Round "5.37"]
[White "Styazhkina, Anna"]
[Black "Mikadze, Miranda"]
[Result "1-0"]
[WhiteElo "2302"]
[BlackElo "2233"]
[PlyCount "119"]
[EventDate "2016.05.27"]
[EventType "swiss"]
[EventRounds "11"]
[EventCountry "ROU"]
[Source "lmi"]
[SourceDate "2016.05.26"]

1. e4 d5 2. exd5 Qxd5 3. Nc3 Qd6 4. d4 Nf6 5. Nf3 c6 6. h3 Bf5 7. Ne5 Nbd7 8.
f4 Ne4 9. Nxe4 Bxe4 10. Qe2 Nf6 11. Be3 e6 12. O-O-O Qd5 13. Kb1 Bb4 14. Qf2
O-O 15. Rg1 Qa5 16. a3 Be7 17. g4 b5 18. g5 Nd5 19. Bd3 Bxa3 20. Bd2 Nb4 21.
bxa3 Qxa3 22. Bxb4 Qxb4+ 23. Kc1 Qa3+ 24. Kd2 Bxd3 25. Nxd3 b4 26. Rb1 Qc3+ 27.
Kc1 Qa3+ 28. Kd1 a5 29. Rb3 Qa2 30. Kd2 Rfd8 31. f5 exf5 32. Re1 Rd5 33. h4
Rad8 34. h5 Qa4 35. Qe3 c5 36. dxc5 Qb5 37. Kc1 Rd4 38. Qe5 Qd7 39. h6 gxh6 40.
gxh6 Rg4 41. Qf6 Rg6 42. c6 Qd5 43. Qe7 Rxh6 44. c7 Rc8 45. Qe8+ Rxe8 46. Rxe8+
Kg7 47. c8=Q Rc6 48. Rg8+ Kf6 49. Qd8+ Qxd8 50. Rxd8 h5 51. Rh8 Kg5 52. Ne5 Re6
53. Nxf7+ Kg6 54. Nd8 Re1+ 55. Kd2 Re4 56. Rg3+ Kf6 57. Rxh5 a4 58. Nc6 a3 59.
Rb3 Re1 60. Nxb4 1-0

[Event "17. European Women's Championship 2016"]
[Site "Mamaia ROU"]
[Date "2016.05.31"]
[Round "5.38"]
[White "Motycakova, Monika"]
[Black "Hojjatova, Aydan"]
[Result "0-1"]
[WhiteElo "2170"]
[BlackElo "2300"]
[PlyCount "102"]
[EventDate "2016.05.27"]
[EventType "swiss"]
[EventRounds "11"]
[EventCountry "ROU"]
[Source "lmi"]
[SourceDate "2016.05.26"]

1. e4 e6 2. d4 d5 3. Nd2 c5 4. exd5 Qxd5 5. Ngf3 cxd4 6. Bc4 Qd6 7. O-O Nf6 8.
Nb3 Nc6 9. Nbxd4 Nxd4 10. Nxd4 a6 11. Bb3 Qc7 12. Qf3 Bd6 13. h3 O-O 14. Bg5
Nd7 15. c3 b5 16. Rfe1 Bb7 17. Qh5 Ne5 18. Bc2 Ng6 19. Rad1 Rae8 20. a3 Qc5 21.
Nb3 Qc7 22. Nd4 Bd5 23. Be4 Bxe4 24. Rxe4 Qc5 25. Nb3 Qc6 26. Red4 Bb8 27. Be3
Rc8 28. Rd7 Ne5 29. R7d4 Ng6 30. Rd7 Qc4 31. Nd2 Qc6 32. Nf3 Bf4 33. Bxf4 Nxf4
34. Qg5 Nd5 35. Ne5 Qb6 36. Rd3 h6 37. Qh4 Nf6 38. Rg3 Kh7 39. Rxf7 Rxf7 40.
Nxf7 Rc4 41. Rg4 Nxg4 42. hxg4 Rf4 43. Ng5+ Kg8 44. Nf3 Qd6 45. Qh5 Qd5 46.
Qe8+ Kh7 47. g5 Rg4 48. Kh2 Qf5 49. gxh6 Rg6 50. Qe7 Qf4+ 51. Kh3 Qg4+ 0-1

[Event "17. European Women's Championship 2016"]
[Site "Mamaia ROU"]
[Date "2016.05.31"]
[Round "5.39"]
[White "Galojan, Lilit"]
[Black "Isgandarova, Khayala"]
[Result "1/2-1/2"]
[WhiteElo "2296"]
[BlackElo "2193"]
[PlyCount "83"]
[EventDate "2016.05.27"]
[EventType "swiss"]
[EventRounds "11"]
[EventCountry "ROU"]
[Source "lmi"]
[SourceDate "2016.05.26"]

1. d4 Nf6 2. c4 g6 3. g3 Bg7 4. Bg2 d6 5. Nf3 O-O 6. O-O Nc6 7. Nc3 Nd7 8. Rb1
e5 9. d5 Ne7 10. e4 h6 11. Ne1 f5 12. Nd3 Nf6 13. f3 g5 14. exf5 Bxf5 15. Be3
Qe8 16. Qd2 Qg6 17. Rbd1 e4 18. g4 Bd7 19. Nf2 exf3 20. Bxf3 Qf7 21. Nfe4 Ng6
22. h3 Nh4 23. Bh1 Qe7 24. Bd4 Ng6 25. Rde1 Nxe4 26. Nxe4 Rxf1+ 27. Rxf1 Nf4
28. Re1 Qf7 29. Kh2 b5 30. Bxg7 Qxg7 31. Qc3 Qxc3 32. bxc3 Kf7 33. c5 dxc5 34.
Nxc5 Rd8 35. Na6 Rc8 36. Nc5 Rd8 37. Na6 Rc8 38. Nc5 Rd8 39. d6 cxd6 40. Nb7
Rf8 41. Nxd6+ Kf6 42. Bf3 1/2-1/2

[Event "17. European Women's Championship 2016"]
[Site "Mamaia ROU"]
[Date "2016.05.31"]
[Round "5.40"]
[White "Belenkaya, Dina"]
[Black "Khalafova, Narmin"]
[Result "0-1"]
[WhiteElo "2289"]
[BlackElo "2193"]
[PlyCount "88"]
[EventDate "2016.05.27"]
[EventType "swiss"]
[EventRounds "11"]
[EventCountry "ROU"]
[Source "lmi"]
[SourceDate "2016.05.26"]

1. e4 c5 2. Nf3 d6 3. Bb5+ Bd7 4. Bxd7+ Qxd7 5. O-O Nf6 6. Qe2 Nc6 7. Rd1 Rc8
8. c3 e6 9. d4 cxd4 10. Nxd4 Be7 11. c4 Nxd4 12. Rxd4 e5 13. Rd1 Qc6 14. Nd2 a5
15. b3 Bd8 16. Bb2 Bb6 17. Kh1 h5 18. f4 Ng4 19. Rf1 Qc5 20. g3 Ne3 21. Rf3 h4
22. f5 Ng4 23. h3 Ke7 24. a3 hxg3 25. Rxg3 Nf6 26. b4 Qc6 27. Qg2 Rh4 28. b5
Qc5 29. Nb3 Qc7 30. Nd2 Rch8 31. Rf3 Ng4 32. Raf1 Ne3 33. Qg5+ Kf8 34. Kh2
Nxf1+ 35. Nxf1 Qxc4 36. Qg2 Qxe4 37. f6 gxf6 38. Nd2 Qd5 39. Bc3 Rg8 40. Rg3
Qxg2+ 41. Kxg2 Rxg3+ 42. Kxg3 Ra4 43. Bb2 Bd4 44. Bxd4 Rxd4 0-1

[Event "17. European Women's Championship 2016"]
[Site "Mamaia ROU"]
[Date "2016.05.31"]
[Round "5.41"]
[White "Makropoulou, Marina"]
[Black "Buksa, Nataliya"]
[Result "0-1"]
[WhiteElo "2143"]
[BlackElo "2288"]
[PlyCount "74"]
[EventDate "2016.05.27"]
[EventType "swiss"]
[EventRounds "11"]
[EventCountry "ROU"]
[Source "lmi"]
[SourceDate "2016.05.26"]

1. e4 c5 2. Nf3 d6 3. d4 cxd4 4. Nxd4 Nf6 5. Nc3 e6 6. Be3 Be7 7. f4 Nc6 8. Be2
O-O 9. Qd2 d5 10. e5 Nd7 11. O-O-O Bc5 12. Kb1 a6 13. h4 Bb4 14. a3 Be7 15. h5
Nxd4 16. Bxd4 b5 17. f5 Bg5 18. Qd3 Bf4 19. f6 Nxe5 20. Qh3 Qxf6 21. g3 Bh6 22.
Rhe1 Qg5 23. Bxb5 Nf3 24. Be3 Qf6 25. Bxh6 Nxe1 26. Rxe1 axb5 27. Bd2 b4 28.
axb4 Qf2 29. Rd1 Qa7 30. Kc1 Qa1+ 31. Nb1 Ra2 32. Bc3 e5 33. Qh4 d4 34. Rxd4
exd4 35. Qxd4 f6 36. b3 Rxc2+ 37. Kxc2 Bf5+ 0-1

[Event "17. European Women's Championship 2016"]
[Site "Mamaia ROU"]
[Date "2016.05.31"]
[Round "5.42"]
[White "Sedina, Elena"]
[Black "Petrenko, Svetlana"]
[Result "1-0"]
[WhiteElo "2287"]
[BlackElo "2182"]
[PlyCount "75"]
[EventDate "2016.05.27"]
[EventType "swiss"]
[EventRounds "11"]
[EventCountry "ROU"]
[Source "lmi"]
[SourceDate "2016.05.26"]

1. e4 c5 2. Nf3 e6 3. c3 Nf6 4. e5 Nd5 5. Bc4 Nc7 6. d4 b5 7. Bd3 Bb7 8. O-O c4
9. Bc2 Be7 10. Nbd2 O-O 11. b3 Nd5 12. Ne4 f5 13. exf6 Nxf6 14. Nxf6+ Bxf6 15.
bxc4 bxc4 16. Ba3 Be7 17. Bxh7+ Kxh7 18. Bxe7 Qxe7 19. Qb1+ Kg8 20. Qxb7 Nc6
21. Ne5 Nxe5 22. dxe5 Rfb8 23. Qe4 Qc5 24. Rad1 Rd8 25. Rxd7 Rxd7 26. Qxa8+ Kf7
27. Qe4 Rd3 28. h4 Qd5 29. Qf4+ Kg8 30. Rb1 Rxc3 31. Rb8+ Kh7 32. Qg5 Qd1+ 33.
Kh2 Rc1 34. Rb7 Qg1+ 35. Kg3 Rc3+ 36. f3 Rxf3+ 37. Kxf3 Qf1+ 38. Kg3 1-0

[Event "17. European Women's Championship 2016"]
[Site "Mamaia ROU"]
[Date "2016.05.31"]
[Round "5.43"]
[White "Jap Tjoen San, Linda"]
[Black "Mamedjarova, Turkan"]
[Result "1/2-1/2"]
[WhiteElo "2116"]
[BlackElo "2257"]
[PlyCount "101"]
[EventDate "2016.05.27"]
[EventType "swiss"]
[EventRounds "11"]
[EventCountry "ROU"]
[Source "lmi"]
[SourceDate "2016.05.26"]

1. e4 e5 2. Nc3 Bc5 3. f4 d6 4. Nf3 Nc6 5. Bc4 Bg4 6. Na4 exf4 7. Nxc5 dxc5 8.
h3 Bxf3 9. Qxf3 Ne5 10. Bb5+ c6 11. Qc3 Qh4+ 12. Kf1 Ng4 13. Qf3 cxb5 14. Qxg4
Qxg4 15. hxg4 Nf6 16. d3 Nxg4 17. Rh5 O-O 18. Bxf4 b6 19. Rg5 Nf6 20. a4 bxa4
21. Rxa4 Rfe8 22. Bd2 Re6 23. Bc3 g6 24. Re5 Rxe5 25. Bxe5 Nd7 26. Bd6 f6 27.
c3 Kf7 28. Ke2 Ke6 29. Bc7 a5 30. b4 cxb4 31. cxb4 Rc8 32. Bf4 axb4 33. Rxb4
Rc2+ 34. Bd2 g5 35. g4 Ra2 36. d4 Kd6 37. Kd3 h6 38. Rb1 Ra4 39. Rh1 Ra3+ 40.
Kc4 Rg3 41. Rxh6 Rxg4 42. Bb4+ Kc6 43. Kd3 Rg3+ 44. Ke2 Kb5 45. Be7 Kc4 46. e5
fxe5 47. dxe5 Nxe5 48. Rxb6 g4 49. Bd6 Kd5 50. Bb8 Rc3 51. Rb5+ 1/2-1/2

[Event "17. European Women's Championship 2016"]
[Site "Mamaia ROU"]
[Date "2016.05.31"]
[Round "5.44"]
[White "Manakova, Maria"]
[Black "Sucikova, Svetlana"]
[Result "1/2-1/2"]
[WhiteElo "2254"]
[BlackElo "2072"]
[PlyCount "81"]
[EventDate "2016.05.27"]
[EventType "swiss"]
[EventRounds "11"]
[EventCountry "ROU"]
[Source "lmi"]
[SourceDate "2016.05.26"]

1. e4 c6 2. d4 d5 3. exd5 cxd5 4. c4 Nf6 5. Nc3 e6 6. Nf3 Be7 7. cxd5 Nxd5 8.
Bd3 O-O 9. O-O Nc6 10. a3 Bf6 11. Bc2 b6 12. Qd3 g6 13. Bh6 Re8 14. Ne4 Bg7 15.
Bxg7 Kxg7 16. Ne5 Nde7 17. Qf3 Rf8 18. Qf6+ Kg8 19. Qh4 Nf5 20. Nf6+ Kg7 21.
Bxf5 exf5 22. Qxh7+ Kxf6 23. Nxc6 Qd6 24. Ne5 Qxd4 25. Rfe1 Be6 26. Nxg6 fxg6
27. Rxe6+ Kxe6 28. Re1+ Kd6 29. Qe7+ Kc6 30. Rc1+ Kb5 31. Qe2+ Ka5 32. b4+ Ka4
33. Qc2+ Kb5 34. Qe2+ Ka4 35. Qc2+ Kb5 36. a4+ Ka6 37. Qe2+ Kb7 38. Qe7+ Ka6
39. Qe2+ Kb7 40. Qe7+ Ka6 41. Qe2+ 1/2-1/2

[Event "17. European Women's Championship 2016"]
[Site "Mamaia ROU"]
[Date "2016.05.31"]
[Round "5.45"]
[White "Gitu, Paula-Alexandra"]
[Black "Rudolf, Anna"]
[Result "1/2-1/2"]
[WhiteElo "1949"]
[BlackElo "2301"]
[PlyCount "120"]
[EventDate "2016.05.27"]
[EventType "swiss"]
[EventRounds "11"]
[EventCountry "ROU"]
[Source "lmi"]
[SourceDate "2016.05.26"]

1. e4 e6 2. d4 d5 3. Nd2 Nf6 4. Bd3 c5 5. e5 Nfd7 6. c3 b6 7. Ne2 Ba6 8. Bxa6
Nxa6 9. O-O Nc7 10. f4 g6 11. Nf3 h5 12. Be3 c4 13. Ng5 Be7 14. Ng3 b5 15. Qf3
Nb6 16. Rae1 Rf8 17. Nh7 Rg8 18. f5 Kd7 19. f6 Bf8 20. Ng5 Qe8 21. Nxh5 gxh5
22. Qxh5 Rg6 23. Qh7 Rh6 24. Qg8 Rg6 25. Qh7 Rh6 26. Qg8 Rg6 27. Qxf7+ Qxf7 28.
Nxf7 Ke8 29. Nh8 Rg4 30. h3 Rh4 31. f7+ Kd7 32. Ng6 Rh7 33. h4 Kc6 34. g4 b4
35. Re2 bxc3 36. bxc3 Nb5 37. Bd2 Na4 38. g5 Naxc3 39. Bxc3 Nxc3 40. Rg2 Bb4
41. f8=Q Bxf8 42. Rxf8 Rxf8 43. Nxf8 Rh8 44. Nxe6 Nd1 45. g6 c3 46. g7 Rg8 47.
h5 Ne3 48. Rf2 Kd7 49. Nf8+ Ke8 50. h6 c2 51. Rxc2 Nxc2 52. e6 Nxd4 53. Ng6
Nf3+ 54. Kf2 Ng5 55. Ke3 d4+ 56. Kxd4 Nxe6+ 57. Ke5 Ng5 58. Kf6 Nh7+ 59. Ke6
Ng5+ 60. Kf6 Nh7+ 1/2-1/2

[Event "17. European Women's Championship 2016"]
[Site "Mamaia ROU"]
[Date "2016.05.31"]
[Round "5.46"]
[White "Gvetadze, Sofio"]
[Black "Sviridova, Vlada"]
[Result "1/2-1/2"]
[WhiteElo "2311"]
[BlackElo "2137"]
[PlyCount "85"]
[EventDate "2016.05.27"]
[EventType "swiss"]
[EventRounds "11"]
[EventCountry "ROU"]
[Source "lmi"]
[SourceDate "2016.05.26"]

1. c4 c6 2. e4 d5 3. exd5 cxd5 4. d4 Nf6 5. Nc3 e6 6. Nf3 Be7 7. cxd5 Nxd5 8.
Bd3 O-O 9. O-O Nc6 10. Re1 Bf6 11. Be4 Nce7 12. Qd3 g6 13. Bh6 Bg7 14. Bxg7
Kxg7 15. Ne5 Bd7 16. Bxd5 exd5 17. Qf3 f6 18. Nd3 Nf5 19. Nc5 b6 20. Nb3 Bc6
21. g3 Qd7 22. h4 Rae8 23. Qf4 Qd6 24. Qxd6 Nxd6 25. Nd2 a5 26. a4 Kf7 27. Kf1
Bb7 28. Kg1 Rxe1+ 29. Rxe1 Rc8 30. g4 Nc4 31. Nxc4 Rxc4 32. Nb5 Rc6 33. Kh2 Ba6
34. Nc3 Bc4 35. Kg3 h6 36. Kf3 Bb3 37. Ke3 Re6+ 38. Kd2 Rxe1 39. Kxe1 Ke6 40.
Ke2 Kd6 41. Ke3 Ke6 42. Kf4 g5+ 43. hxg5 1/2-1/2

[Event "17. European Women's Championship 2016"]
[Site "Mamaia ROU"]
[Date "2016.05.31"]
[Round "5.47"]
[White "Nikoladze, Sopio"]
[Black "Osmanodja, Filiz"]
[Result "0-1"]
[WhiteElo "2155"]
[BlackElo "2296"]
[PlyCount "70"]
[EventDate "2016.05.27"]
[EventType "swiss"]
[EventRounds "11"]
[EventCountry "ROU"]
[Source "lmi"]
[SourceDate "2016.05.26"]

1. d4 Nf6 2. Nf3 e6 3. e3 b6 4. Bd3 Bb7 5. c4 d5 6. Nc3 Bd6 7. O-O O-O 8. a3
Nbd7 9. b4 c5 10. bxc5 bxc5 11. Rb1 Bc6 12. cxd5 exd5 13. dxc5 Nxc5 14. Nd4 Bd7
15. h3 Rc8 16. Bb2 Bb8 17. Bc2 Qc7 18. f4 a6 19. Qf3 Qd6 20. Qg3 Rfe8 21. Nf5
Bxf5 22. Bxf5 Rc6 23. Rbd1 g6 24. Bb1 Ba7 25. Kh1 Qb8 26. Ba1 Nb3 27. Bb2 Rxe3
28. Qg5 d4 29. Nd5 Nxd5 30. Qxd5 Rd6 31. Qg5 Qb7 32. f5 Rxh3+ 33. Kg1 d3+ 34.
Rf2 Bxf2+ 35. Kxf2 Qb6+ 0-1

[Event "17. European Women's Championship 2016"]
[Site "Mamaia ROU"]
[Date "2016.05.31"]
[Round "5.48"]
[White "Rogozenco, Teodora"]
[Black "Tsatsalashvili, Keti"]
[Result "1-0"]
[WhiteElo "2104"]
[BlackElo "2278"]
[PlyCount "95"]
[EventDate "2016.05.27"]
[EventType "swiss"]
[EventRounds "11"]
[EventCountry "ROU"]
[Source "lmi"]
[SourceDate "2016.05.26"]

1. d4 d5 2. c4 e6 3. Nc3 Bb4 4. a3 Bxc3+ 5. bxc3 Nf6 6. cxd5 exd5 7. e3 Bf5 8.
Bd3 Bxd3 9. Qxd3 O-O 10. Ne2 Nbd7 11. O-O Nb6 12. Ng3 h5 13. f3 Re8 14. Ra2 Qd7
15. Re2 a6 16. e4 g6 17. e5 Nh7 18. f4 Qb5 19. Qc2 Qa4 20. Qb1 h4 21. Nh1 Qb5
22. Rb2 Qc6 23. Rf3 f5 24. Rh3 Nf6 25. Bd2 Ne4 26. Be1 Nc4 27. Ra2 Kg7 28. Nf2
Rh8 29. Nxe4 dxe4 30. Bxh4 Rxh4 31. Rxh4 e3 32. Re2 Qa4 33. Qe1 Qxa3 34. Rxe3
Nxe3 35. Qxe3 Qa1+ 36. Kf2 Qb2+ 37. Kg3 Qc2 38. d5 Rd8 39. c4 Qxc4 40. e6 g5
41. fxg5 f4+ 42. Rxf4 Qxd5 43. Qc3+ Kg8 44. Qf6 Qd3+ 45. Kh4 Qh7+ 46. Kg4 Ra8
47. e7 Qg7 48. Qe6+ 1-0

[Event "17. European Women's Championship 2016"]
[Site "Mamaia ROU"]
[Date "2016.05.31"]
[Round "5.49"]
[White "Surovtseva, Alisa"]
[Black "Drozdova, Dina"]
[Result "0-1"]
[WhiteElo "1574"]
[BlackElo "2235"]
[PlyCount "118"]
[EventDate "2016.05.27"]
[EventType "swiss"]
[EventRounds "11"]
[EventCountry "ROU"]
[Source "lmi"]
[SourceDate "2016.05.26"]

1. e4 g6 2. d4 Bg7 3. Nc3 d6 4. Be3 c6 5. Qd2 b5 6. Bd3 Nd7 7. f4 Nb6 8. Nf3
Nf6 9. O-O Ng4 10. h3 Nxe3 11. Qxe3 O-O 12. Rae1 b4 13. Ne2 Qc7 14. Ng3 c5 15.
c3 Na4 16. cxb4 cxd4 17. Nxd4 Qb6 18. Nf3 Nxb2 19. Qxb6 axb6 20. Bb1 Bc3 21.
Rc1 Bxb4 22. Rc2 Bc5+ 23. Kh2 Nd3 24. f5 Ba6 25. fxg6 hxg6 26. Rd1 Nf4 27. e5
d5 28. Rb2 Bc4 29. Nd2 Rfd8 30. Nxc4 dxc4 31. Rxd8+ Rxd8 32. Rc2 Rd1 33. Rxc4
Bg1+ 34. Kh1 Be3+ 35. Kh2 Rxb1 36. Re4 Bg1+ 37. Kh1 Nd3 38. Re2 Nf2+ 39. Rxf2
Bxf2+ 40. Kh2 Bxg3+ 41. Kxg3 Kg7 42. Kf3 f5 43. exf6+ Kxf6 44. g4 Ra1 45. h4
Rxa2 46. Kf4 Ra4+ 47. Kf3 b5 48. h5 gxh5 49. gxh5 Kg5 50. Ke3 Kxh5 51. Kd3 Kg4
52. Kc3 Kf4 53. Kb3 Rc4 54. Kb2 Ke3 55. Kb3 Kd2 56. Kb2 Rb4+ 57. Ka3 Kc3 58.
Ka2 Kc2 59. Ka3 Ra4# 0-1

[Event "17. European Women's Championship 2016"]
[Site "Mamaia ROU"]
[Date "2016.05.31"]
[Round "5.50"]
[White "Hapala, Elisabeth"]
[Black "Coman, Emilia-Florentina"]
[Result "1-0"]
[WhiteElo "2227"]
[BlackElo "1891"]
[PlyCount "57"]
[EventDate "2016.05.27"]
[EventType "swiss"]
[EventRounds "11"]
[EventCountry "ROU"]
[Source "lmi"]
[SourceDate "2016.05.26"]

1. e4 c5 2. Nf3 a6 3. c4 Nc6 4. d4 cxd4 5. Nxd4 e5 6. Nc2 Bc5 7. Nc3 d6 8. Be2
Nf6 9. Bg5 O-O 10. O-O Be6 11. Ne3 h6 12. Bxf6 Qxf6 13. Ncd5 Qh4 14. Bf3 Nd4
15. g3 Nxf3+ 16. Qxf3 Qg5 17. Rac1 Bh3 18. Rfd1 Bd4 19. g4 Qh4 20. Kh1 Kh8 21.
Qg3 Qxg3 22. hxg3 h5 23. f3 hxg4 24. fxg4 g5 25. Kh2 Bxb2 26. Rb1 Bd4 27. Kxh3
b5 28. Nf5 Bc5 29. Nf6 1-0

[Event "17. European Women's Championship 2016"]
[Site "Mamaia ROU"]
[Date "2016.05.31"]
[Round "5.51"]
[White "Pavlidou, Ekaterini"]
[Black "Cimpean, Andra"]
[Result "1-0"]
[WhiteElo "2209"]
[BlackElo "1794"]
[PlyCount "105"]
[EventDate "2016.05.27"]
[EventType "swiss"]
[EventRounds "11"]
[EventCountry "ROU"]
[Source "lmi"]
[SourceDate "2016.05.26"]

1. c4 e6 2. g3 d5 3. Bg2 c6 4. Nf3 Bd6 5. O-O f5 6. d3 Nf6 7. Nc3 dxc4 8. dxc4
e5 9. c5 Bxc5 10. Qxd8+ Kxd8 11. Nxe5 Ke7 12. Nd3 Bd6 13. Re1 Re8 14. e4 fxe4
15. Nxe4 Nxe4 16. Bxe4 Kf7 17. Bd2 g6 18. Bc3 Nd7 19. h4 Nc5 20. Nxc5 Bxc5 21.
h5 Bg4 22. hxg6+ hxg6 23. b4 Bb6 24. Kg2 Rad8 25. b5 cxb5 26. Bxb7 Re2 27. Rxe2
Bxe2 28. Re1 Bc4 29. a3 Bd5+ 30. Bxd5+ Rxd5 31. Re4 Bc5 32. Bb4 Bxb4 33. axb4
Rd3 34. Kf1 Ra3 35. Ke2 Ra4 36. Ke3 Ra1 37. Kd4 Rc1 38. Kd5 Rc2 39. Rf4+ Ke7
40. Re4+ Kf7 41. f4 Rc3 42. g4 Rc1 43. Ke5 Rc6 44. Re3 Rc4 45. Ra3 Rxb4 46.
Rxa7+ Kg8 47. Rb7 Rb1 48. Kf6 Rf1 49. f5 gxf5 50. g5 Ra1 51. Rb8+ Kh7 52. g6+
Kh6 53. Rh8# 1-0

[Event "17. European Women's Championship 2016"]
[Site "Mamaia ROU"]
[Date "2016.05.31"]
[Round "5.52"]
[White "Anghel, Maria"]
[Black "Salimova, Nurgyul"]
[Result "0-1"]
[WhiteElo "1703"]
[BlackElo "2160"]
[PlyCount "52"]
[EventDate "2016.05.27"]
[EventType "swiss"]
[EventRounds "11"]
[EventCountry "ROU"]
[Source "lmi"]
[SourceDate "2016.05.26"]

1. d4 d5 2. Nf3 Nf6 3. c4 e6 4. Nbd2 c5 5. e3 cxd4 6. exd4 Nc6 7. cxd5 exd5 8.
Be2 Bd6 9. O-O O-O 10. h3 Bf5 11. Nb3 Ne4 12. Be3 Qf6 13. Rc1 Rac8 14. a3 Ne7
15. Rxc8 Rxc8 16. Bd3 Ng6 17. Qe2 Nf4 18. Bxf4 Bxf4 19. Nc5 Re8 20. Re1 b6 21.
Na6 Re6 22. Qd1 Qh6 23. Nb4 Bxh3 24. g3 Nxf2 25. Qc2 Rxe1+ 26. Nxe1 Be3 0-1